| 000 | 00783nam a2200205 i 4500 | ||
|---|---|---|---|
| 001 | 41215 | ||
| 003 | ES-MaACL | ||
| 005 | 20230906160408.0 | ||
| 007 | t| | ||
| 008 | 030310m19431949sp |||| | spa d | ||
| 080 | _a33(46)"1516/1556" | ||
| 100 | 1 |
_aCarande, Ramón. _934952 |
|
| 245 | 1 | 0 |
_aCarlos V y sus banqueros / _cRamón Carande. |
| 260 |
_aMadrid : _bRevista de Occidente, _c1943-1949 ( _fGalo Sáez) |
||
| 300 |
_a2 v. ; _c25 cm. |
||
| 505 | 8 | _aContiene: 1. La vida económica de España en una fase de su hegemonía, 1516-1556 (329 p., IX lám.) - 2. La Hacienda Real de Castilla (XVI, 635 p., 2 lám., 3 mapas) | |
| 650 | 1 | 4 |
_aHacienda pública- _zEspaña- _yS.XVI. _913285 |
| 651 | 4 |
_aEspaña- _xSituación económica- _y1516-1556. _9167673 |
|
| 852 |
_aES-MaACL _jD-6816-17 |
||
| 999 |
_c41215 _d41215 |
||